00429 a2200157 4500003000400000005001700004008004100021020001800062040000900080082002000089100001600109245008100125250001300206260004200219300001000261OSt20231130130947.0231130b |||||||| |||| 00| 0 eng d a9789355496973 coclc a894.8123bRAJ/K aRajasree, R aKalyaniyennum Dakshyaniyennum Peraya Randu Sthreekalude Katha /cR. Rajasree a23rd ed. aKozhikode:bMathrubhumi Books,c2023. a271p.